Táto krajina je pre ženy
Profily žien, ktoré majú nezanedbateľný vplyv na domáci biznis. Podiel žien na vrcholovom manažmente. Príčiny, prečo Slovensko výrazne zaostáva v zastúpení žien v najvyššej exekutíve pred inými krajinami Európskej únie. Porovnanie mesačnej mzdy mužov a žien v manažérskych pozíciách.
Enregistré dans:
| Auteur principal: | |
|---|---|
| Format: | Chapitre de livre |
| Langue: | slovaque |
| Sujets: | |
| Tags: |
Pas de tags, Soyez le premier à ajouter un tag!
|
MARC
| LEADER | 00000naa a2200000 4500 | ||
|---|---|---|---|
| 001 | 0238244 | ||
| 005 | 20221104112808.1 | ||
| 041 | 0 | |a slo | |
| 044 | |a SK | ||
| 245 | 1 | 0 | |a Táto krajina je pre ženy |c Tomáš Nejedlý |
| 520 | |a Profily žien, ktoré majú nezanedbateľný vplyv na domáci biznis. Podiel žien na vrcholovom manažmente. Príčiny, prečo Slovensko výrazne zaostáva v zastúpení žien v najvyššej exekutíve pred inými krajinami Európskej únie. Porovnanie mesačnej mzdy mužov a žien v manažérskych pozíciách. | ||
| 610 | 2 | 0 | |a ženy |
| 610 | 2 | 0 | |a trh práce |
| 610 | 2 | 0 | |a úspech pracovný |
| 610 | 2 | 0 | |a manažéri |
| 610 | 2 | 0 | |a Slovensko |
| 610 | 2 | 0 | |a zamestnanie |
| 100 | 1 | |a Nejedlý, Tomáš | |